| 000 | 01145nam a2200313 i 4500 | ||
|---|---|---|---|
| 001 | 184893 | ||
| 003 | SpMaBN | ||
| 005 | 20250826035941.0 | ||
| 008 | 160216s2015 sp |||| | spa d | ||
| 020 | _a978-84-16268-89-4 | ||
| 080 | _a349.22:796 | ||
| 100 | 1 |
_aDesdentado Bonete, Aurelio. _943867 |
|
| 245 | 1 | 3 |
_aEl contrato de trabajo deportivo a través de la jurisprudencia / _c[Aurelio Desdentado Bonete, Ana Belén Muñoz Ruiz]. |
| 250 | _aAct. a 7 de dic. de 2015. | ||
| 260 |
_aMadrid : _bFrancis Lefebvre, _c2015. |
||
| 300 |
_a241 p. ; _c22 cm. |
||
| 490 | 1 | _aClaves prácticas | |
| 500 | _aAnexo de jurisprudencia. | ||
| 500 | _aÍndice. | ||
| 596 | _aEn contracub.: Lefebvre-El Derecho. | ||
| 650 | 7 |
_aDeportistas- _xContratos. _9158773 |
|
| 700 | 1 |
_aMuñoz Ruiz, Ana Belén. _9158774 |
|
| 710 | 2 |
_aEdiciones Francis Lefebvre. _9158696 |
|
| 710 | 2 |
_aEl Derecho (Editorial) _9158682 |
|
| 830 | 0 | 0 |
_aClaves prácticas Francis Lefebvre _9192249 |
| 852 |
_aES-MaACL _jA-15282 _9 191909 _bR.151094 _cDEPO1 _dOlim: L 349.22 DES con _dOlim: Meseton _hDonación: Editorial |
||
| 942 | _2udc | ||
| 999 |
_c184893 _d184893 |
||